| 000 | 01165nam a2200313 a 4500 | ||
|---|---|---|---|
| 999 |
_c28799 _d28770 |
||
| 001 | 2341859 | ||
| 003 | EG-ScBUE | ||
| 005 | 20200923130032.0 | ||
| 008 | 830405s1982 enka f b 001 0 eng d | ||
| 020 | _a0091475015 (pbk.) | ||
| 040 |
_aDLC _beng _erda _cDLC _dDLC _dEG-ScBUE |
||
| 082 | 0 | 4 |
_a307.34 _bGIB _222 |
| 100 | 1 |
_aGibson, Michael S., _eauthor. |
|
| 245 | 1 | 3 |
_aAn introduction to urban renewal / _cMichael S. Gibson, principal lecturer in urban planning, City of Brimingham Polytechnic, Michael J. Langstaff, regional director, The North British Housing Association Ltd. |
| 264 | 1 |
_aLondon : _bHutchinson, _c1982. |
|
| 300 |
_a384 pages : _billustrations ; _c24 cm. |
||
| 336 |
_2rdacontent _atext _btxt |
||
| 337 |
_2rdamedia _aunmediated _bn |
||
| 338 |
_2rdacarrier _avolume _bnc |
||
| 490 | 0 | _aThe built environment series | |
| 500 | _aIncludes appendix. | ||
| 504 | _aIncludes bibliographical references and index. | ||
| 650 | 7 |
_aUrban renewal. _2BUEsh |
|
| 653 |
_bHHUUEENN _cSeptember2020 |
||
| 655 |
_vReading book _934232 |
||
| 700 | 1 |
_aLangstaff, Michael J., _eauthor. |
|
| 906 |
_a7 _bcbc _corignew _d2 _encip _f19 _gy-gencatlg |
||
| 942 |
_2ddc _cBB |
||